| 000 -LEADER |
| fixed length control field |
00874cam a2200229 i 4500 |
| 003 - CONTROL NUMBER IDENTIFIER |
| control field |
OSt |
| 005 - DATE AND TIME OF LATEST TRANSACTION |
| control field |
20220412182827.0 |
| 006 - FIXED-LENGTH DATA ELEMENTS--ADDITIONAL MATERIAL CHARACTERISTICS--GENERAL INFORMATION |
| fixed length control field |
m |o d | |
| 008 - FIXED-LENGTH DATA ELEMENTS--GENERAL INFORMATION |
| fixed length control field |
180926s2019 nyu ob 001 0 eng |
| 020 ## - INTERNATIONAL STANDARD BOOK NUMBER |
| Cancelled/invalid ISBN |
9781138594036 |
| Qualifying information |
pbk. |
| 082 00 - DEWEY DECIMAL CLASSIFICATION NUMBER |
| Classification number |
307.76 |
| Edition number |
23 |
| 245 00 - TITLE STATEMENT |
| Title |
Public space design and social cohesion : |
| Remainder of title |
an international comparison / |
| Statement of responsibility, etc |
edited by Patricia Aelbrecht and Quentin Stevens. |
| 300 ## - PHYSICAL DESCRIPTION |
| Extent |
1 online resource |
| 504 ## - BIBLIOGRAPHY, ETC. NOTE |
| Bibliography, etc |
Includes bibliographical references and index. |
| 650 #0 - SUBJECT ADDED ENTRY--TOPICAL TERM |
| Topical term or geographic name as entry element |
Public spaces |
| General subdivision |
Design. |
| 650 #0 - SUBJECT ADDED ENTRY--TOPICAL TERM |
| Topical term or geographic name as entry element |
Sociology, Urban. |
| 650 #0 - SUBJECT ADDED ENTRY--TOPICAL TERM |
| Topical term or geographic name as entry element |
City planning. |
| 700 1# - ADDED ENTRY--PERSONAL NAME |
| Personal name |
Aelbrecht, Patricia, |
| Relator term |
editor. |
| 700 1# - ADDED ENTRY--PERSONAL NAME |
| Personal name |
Stevens, Quentin, |
| Dates associated with a name |
1969- |
| Relator term |
editor. |
| 776 08 - ADDITIONAL PHYSICAL FORM ENTRY |
| Display text |
Print version: |
| Title |
Public space design and social cohesion |
| Place, publisher, and date of publication |
New York : Routledge, Taylor & Francis Group, 2019. |
| International Standard Book Number |
9781138594029 (hardback) |
| Record control number |
(DLC) 2018046295 |
| 942 ## - ADDED ENTRY ELEMENTS (KOHA) |
| Source of classification or shelving scheme |
|